| 000 | 00407 a2200145 4500 | ||
|---|---|---|---|
| 020 | _a8176491144 | ||
| 082 | _a658.1511 | ||
| 090 |
_c2649 _d2649 |
||
| 100 | _aDugdale, D. | ||
| 245 |
_aReading in Management Accounting Application _bPractical Elements _cD. Dugdale _hR. Scarlett |
||
| 250 | _a6th Ed. | ||
| 260 |
_aNew Delhi, India _bVinod Vasihtha _c2000 |
||
| 300 | _a131 | ||
| 942 |
_aNBS _cBK _k658.1511 DUG |
||
| 999 |
_c345142 _d345142 |
||